000 00756nam a2200169 i 4500
001 161708
003 ES-MaACL
005 20230906212338.0
008 051018s1892 xxk |||| | eng d
100 1 _aBrown, John Croumbie.
_9126197
245 1 0 _aPeople of Finland in archaic times
_b: being sketches of them given in the Kalevala and in other national works /
_ccompiled by J.C. Brown.
260 _aLondon :
_bKegan Paul, Trench, Trübner & Co.,
_c1892 (
_eKirkcaldy :
_fJ. Crame)
300 _a290 p. ;
_c19 cm.
630 0 4 _aKalevala.
_9147902
651 4 _aFinlandia-
_xHistoria.
_9151028
852 _aES-MaACL
_jG-1279
_z- Enc. tela
_z- Enc. con 80 p. de "Classified list of the publications of Kegan Paul, Trench, Trübner and Co. limited" 1892
999 _c161708
_d161708